| 000 | 01077cam a2200361 a 4500 | ||
|---|---|---|---|
| 001 | 15920123 | ||
| 003 | OSt | ||
| 005 | 20140310184508.0 | ||
| 008 | 090924s2010 nyu c 000 1 eng | ||
| 010 | _a 2009937780 | ||
| 020 | _a9780545060486 | ||
| 040 |
_aDLC _cDLC |
||
| 042 | _alcac | ||
| 050 | 0 | 0 |
_aPZ 7 _b.K8369Em 1920 |
| 100 | 1 | _aKorman, Gordon. | |
| 245 | 1 | 4 |
_aThe emperor's code / _cGordon Korman. |
| 260 |
_aNew York : _bScholastic, _c1920. |
||
| 300 |
_a190 p. ; _c20 cm. |
||
| 490 | 0 |
_aThe 39 clues ; _vbk. 8 |
|
| 521 | _aG5 | ||
| 526 | _c730 | ||
| 650 | 1 |
_aTreasure hunt (Game) _vFiction. _929077 |
|
| 650 | 1 |
_aAdventure and adventurers _vFiction. _929078 |
|
| 650 | 1 |
_aOrphans _vFiction. _929079 |
|
| 650 | 1 |
_aBrothers and sisters _vFiction. _929080 |
|
| 650 | 1 |
_aFamilies _vFiction. _929081 |
|
| 650 | 1 |
_aInheritance and succession _vFiction. _929082 |
|
| 651 | 1 |
_aChina _vFiction. _929083 |
|
| 906 |
_a7 _bcbc _corignew _d2 _eepcn _f20 _gy-gencatlg |
||
| 942 |
_2lcc _cBK-SCHOLAS |
||
| 999 |
_c34872 _d34872 |
||